| 000 | 00883nam a2200253Ia 4500 | ||
|---|---|---|---|
| 003 | OSt | ||
| 005 | 20220923222250.0 | ||
| 006 | a|||||r|||| 00| 0 | ||
| 007 | ta | ||
| 008 | 220922b |||||||| |||| 00| 0 doi d | ||
| 024 | _a204,118 | ||
| 037 | _cTextual | ||
| 040 |
_aARTS _cARTS _bdoi |
||
| 041 |
_2doi _adoi |
||
| 082 | _aO1541,3NSA,NA, 152M0 | ||
| 100 |
_aसारथी, ओ पी शर्मा; जेरथ, अशोक, अनु. _9166494 |
||
| 245 | 0 | _aमंगा रुकखे | |
| 246 | _ahingā rukakhe | ||
| 260 |
_aदिल्ली _b राजपाल एंड सन्स _c1980 |
||
| 300 |
_a84पृ0 _ccm. |
||
| 650 | _aडोगरी साहित्य | ||
| 942 |
_hO1541,3NSA,NA, 152M0 _cTEXL _2CC |
||
| 999 |
_c354867 _d354867 |
||